LEADER 00874nam0-22002891i-450- 001 990004358590403321 005 20050323101615.0 010 $a3-525-33420-6 035 $a000435859 035 $aFED01000435859 035 $a(Aleph)000435859FED01 035 $a000435859 100 $a19990604d1978----km-y0itay50------ba 101 0 $aita 105 $ay-------001yy 200 1 $aRevolution, Staat, Faschismus$ezur Revision des Historischen Materialismus$fHeinrich August Winkler 210 $aGottingen$cVandenhoeck und Ruprecht$d1978. 215 $a159 p.$d19 cm 676 $a335.4119$v21$zita 700 1$aWinkler,$bHeinrich August$0140029 801 0$aIT$bUNINA$gRICA$2UNIMARC 901 $aBK 912 $a990004358590403321 952 $a335.41 WIN 1$bI.st.r.c. s.i.$fFLFBC 959 $aFLFBC 996 $aRevolution, Staat, Faschismus$9539810 997 $aUNINA LEADER 02273oam 2200469z- 450 001 9910404074003321 005 20210504102004.0 035 $a(CKB)4100000011302398 035 $a(EXLCZ)994100000011302398 100 $a20201013d2020 uu| | 101 0 $ager 200 00$aNeustart in der Rentenpolitik $eAnalysen und Perspektiven /$fFlorian Blank, Markus Hofmann, Annelie Buntenbach 210 1$aBaden-Baden :$cNomos,$d2020. 215 $a262 pages 320 $aIncludes bibliographical references. 330 $a"Rentenpolitik ist und bleibt umstritten. Diskutiert werden Instrumente, aber auch grundlegende Ziele der Alterssicherung. Die Beiträge beinhalten Bestandsaufnahmen zum Alterssicherungssystem und Vorschläge zu seiner Weiterentwicklung. Der Schwerpunkt liegt auf der öffentlichen Rentenversicherung. Behandelt werden u.a. die Stellung der Grundrente in der Rentenversicherung, der Zusammenhang von Arbeit und Alterseinkommen, die Behandlung von Sorgearbeit in der Alterssicherung und die Entwicklung der Alterssicherung im demografischen Wandel. Drei Beiträge bringen zudem eine europäisch vergleichende Perspektive ein. Die Autorinnen und Autoren forschen und lehren an öffentlichen oder gemeinnützigen Hochschulen und Forschungseinrichtungen."--Verl. 606 $aPolitique sociale$9fre$2ECLAS 606 $asocial policy$9eng$2eurovoc 606 $aSécurité sociale$9fre$2ECLAS 606 $asocial security$9eng$2eurovoc 606 $aSystèmes de prévoyance$9fre$2ECLAS 606 $aAssurance vieillesse$9fre$2ECLAS 606 $aPlans de retraite$9fre$2ECLAS 606 $apension scheme$9eng$2eurovoc 606 $aGermany$9eng$2eurovoc 607 $aAllemagne RF$9fre$2ECLAS 615 7$aPolitique sociale 615 7$asocial policy. 615 7$aSécurité sociale 615 7$asocial security. 615 7$aSystèmes de prévoyance 615 7$aAssurance vieillesse 615 7$aPlans de retraite 615 7$apension scheme. 615 7$aGermany. 701 $aBlank$b Florian$0855325 701 $aHofmann$b Markus$0241881 701 $aBuntenbach$b Annelie$0855326 906 $aBOOK 912 $a9910404074003321 996 $aNeustart in der Rentenpolitik$91909534 997 $aUNINA